000 00472nam a22001817a 4500
003 OSt
005 20240717132257.0
008 240717b |||||||| |||| 00| 0 eng d
020 _a9780748713608
040 _cMUST
082 _a378.1 WAL 1992
100 _aWalklin L
_96287
245 _aputtting quality into practice
_cL. Walklin
260 _aGreat Britain
_bwear
300 _axi,267p,;
_bill.;
_c23cm.
504 _aBibliographies and indexes
942 _2ddc
_cO_SHELF
999 _c9238
_d9238